| Record ID | ia:immunochemicalte0074unse |
| Source | Internet Archive |
| Download MARC XML | https://archive.org/download/immunochemicalte0074unse/immunochemicalte0074unse_marc.xml |
| Download MARC binary | https://www.archive.org/download/immunochemicalte0074unse/immunochemicalte0074unse_meta.mrc |
LEADER: 07150cam 2201405 a 4500
001 ocm06603068
003 OCoLC
005 20191124184705.0
008 800722m19801988nyua b 001 0 eng
010 $a 80019482
040 $aDLC$beng$cDLC$dNLM$dMUQ$dBAKER$dBTCTA$dOCLCG$dYDXCP$dGEBAY$dBDX$dOCLCO$dOCLCF$dOCLCQ$dIL4I4$dINNDH$dOCLCQ$dIG#$dOCLCQ$dOCLCO$dMYUSM$dOCL$dCLS$dCPO$dOCLCO$dBGU$dOCLCO$dOCLCA$dUX1$dOCLCO$dOCLCQ$dNKM$dOCLCO$dCUV$dOCLCA$dOCLCO$dOCLCA$dBUF$dOCLCO$dWURST$dOCLCO
016 7 $a8006495$2DNLM
019 $a6554572$a8904872$a9549100$a610281732$a767487617$a813539310$a954222185$a959408661
020 $a0121819701$q(pt. A, v. 70)
020 $a9780121819705$q(pt. A, v. 70)
020 $a0121819736$q(pt. B, v. 73)
020 $a9780121819736$q(pt. B, v. 73)
020 $a0121819744$q(pt. C, v. 74)
020 $a9780121819743$q(pt. C, v.74)
020 $a0121819841$q(pt. D, v. 84)
020 $a9780121819842$q(pt. D, v. 84)
020 $a0121819922$q(pt. E, v. 92)
020 $a9780121819927$q(pt. E, v. 92)
020 $a0121819930$q(pt. F, v. 93)
020 $a9780121819934$q(pt. F, v. 93)
020 $a0121820084$q(pt. G, v. 108)
020 $a9780121820084$q(pt. G, v. 108)
020 $a0121820165$q(pt. H, v. 116)
020 $a9780121820169$q(pt. H, v. 116)
020 $a0121820211$q(pt. I, v. 121)
020 $a9780121820213$q(pt. I, v. 121)
020 $a0121820327$q(pt. J, v. 132)
020 $a9780121820329$q(pt. J, v. 132)
020 $a0121820513$q(pt. K, v. 150)
020 $a9780121820510$q(pt. K, v. 150)
020 $a0121820637$q(pt. L, v. 162)
020 $a9780121820633$q(pt. L, v. 162)
020 $a0121820645$q(pt. M, v. 163)
020 $a9780121820640$q(pt. M, v. 163)
035 $a(OCoLC)6603068$z(OCoLC)6554572$z(OCoLC)8904872$z(OCoLC)9549100$z(OCoLC)610281732$z(OCoLC)767487617$z(OCoLC)813539310$z(OCoLC)954222185$z(OCoLC)959408661
050 00 $aQP601$b.M49 vol. 70, etc.$aQR183.6
060 00 $aW1$bME9615K v.70 1980
060 10 $aQW 525$bI322 1980
070 0 $aQP601.M49 v. 70 etc.
080 $a577.15 M0.70
082 00 $a574.19/25 s$a599.01/9285$219
245 00 $aImmunochemical techniques /$cedited by Helen Van Vunakis, John J. Langone.
260 $aNew York :$bAcademic Press,$c1980-<1988>
300 $a13 volumes (parts A-M) :$billustrations ;$c24 cm.
336 $atext$btxt$2rdacontent
337 $aunmediated$bn$2rdamedia
338 $avolume$bnc$2rdacarrier
490 1 $aMethods in enzymology,$x0076-6879 ;$vv. 70, 73, 74, 84, 92, 93, 108, 116, 121, 132, 150, 162, 163
504 $aIncludes bibliographical references and indexes.
500 $aParts B-F and I edited by: John J. Langone, and: Helen Van Vunakis. Parts G-H edited by: Giovanni Di Sabato, John J. Langone, and: Helen Van Vunakis. Part J edited by: Giovanni Di Sabato, and: Johannes Everse. Parts K-M edited by: Giovanni Di Sabato.
505 0 $aPart A (v. 70) -- Part B (v. 73) -- Part C (v. 74) -- Part D (v. 84) (Part title: Selected immunoassays) -- Part E (v. 92) (Part title: Monoclonal antibodies and general immunoassay methods) -- Part F (v. 93) (Part title: Conventional antibodies, Fc receptors, and cytotoxicity) -- Part G (v. 108) (Part title: Separation and characterization of lymphoid cells) -- Part I (v. 121) (Part title: Hybridoma technology and monoclonal antibodies) -- Part J (v. 132) (Part title: Phagocytosis and cell-mediated cytotoxicity) -- Part K (v. 150) (Part title: In Vitro models of B and T cell functions and lymphoid cell receptors) -- Part L (v. 162) (Part title: Chemotaxis and inflammation) -- Part M (v. 163) (Part title: Chemotaxis and inflammation).
650 0 $aImmunochemistry$xTechnique.
650 0 $aImmunoassay.
650 2 $aImmunochemistry$xmethods.
650 6 $aImmunochimie$xTechnique.
650 6 $aImmunodosage.
650 7 $aImmunoassay.$2fast$0(OCoLC)fst00967921
650 7 $aImmunochemistry$xTechnique.$2fast$0(OCoLC)fst00967930
650 7 $aImmunchemie$2gnd
650 7 $aMethode$2gnd
650 7 $aTechnik$2gnd
650 7 $aImmunassay$2gnd
650 07 $aImmunchemie.$2swd
650 07 $aMethode.$2swd
650 07 $aTechnik.$2swd
650 07 $aImmunoassay.$2swd
653 00 $aimmunochemie
653 00 $aimmunochemistry
653 00 $aimmunoassay
653 10 $ax
655 7 $aMethods (Music)$2fast$0(OCoLC)fst01423850
700 1 $aVan Vunakis, Helen,$d1924-$eeditor.
700 1 $aLangone, John J.$q(John Joseph),$d1944-$eeditor.
700 1 $aDi Sabato, Giovanni,$eeditor.
700 1 $aEverse, Johannes,$eeditor.
776 08 $iOnline version:$tImmunochemical techniques.$dNew York : Academic Press, 1980-<1988>$z0121819701$w(OCoLC)69605910
830 0 $aMethods in enzymology ;$vv. 70.$x0076-6879
830 0 $aMethods in enzymology ;$vv. 73.$x0076-6879
830 0 $aMethods in enzymology ;$vv. 74.$x0076-6879
830 0 $aMethods in enzymology ;$vv. 84.$x0076-6879
830 0 $aMethods in enzymology ;$vv. 92.$x0076-6879
830 0 $aMethods in enzymology ;$vv. 93.$x0076-6879
830 0 $aMethods in enzymology ;$vv. 108.$x0076-6879
830 0 $aMethods in enzymology ;$vv. 116.$x0076-6879
830 0 $aMethods in enzymology ;$vv. 121.$x0076-6879
830 0 $aMethods in enzymology ;$vv. 132.$x0076-6879
830 0 $aMethods in enzymology ;$vv. 150.$x0076-6879
830 0 $aMethods in enzymology ;$vv. 162.$x0076-6879
830 0 $aMethods in enzymology ;$vv. 163.$x0076-6879
856 42 $3Publisher description$uhttp://catdir.loc.gov/catdir/description/els031/80019482.html
856 4 $uhttps://www.sciencedirect.com/science/bookseries/00766879/70
856 4 $uhttps://www.sciencedirect.com/science/bookseries/00766879/73
856 4 $uhttps://www.sciencedirect.com/science/bookseries/00766879/74
856 4 $uhttps://www.sciencedirect.com/science/bookseries/00766879/84
856 4 $uhttps://www.sciencedirect.com/science/bookseries/00766879/92
856 4 $uhttps://www.sciencedirect.com/science/bookseries/00766879/93
856 4 $uhttps://www.sciencedirect.com/science/bookseries/00766879/108
856 4 $uhttps://www.sciencedirect.com/science/bookseries/00766879/116
856 4 $uhttps://www.sciencedirect.com/science/bookseries/00766879/121
856 4 $uhttps://www.sciencedirect.com/science/bookseries/00766879/132
856 4 $uhttps://www.sciencedirect.com/science/bookseries/00766879/150
856 4 $uhttps://www.sciencedirect.com/science/bookseries/00766879/162
856 4 $uhttps://www.sciencedirect.com/science/bookseries/00766879/163
938 $aBaker & Taylor$bBKTY$c267.95$d267.95$i0121819701$n0000047290$sactive
938 $aBrodart$bBROD$n31950132$c$267.95
938 $aBaker and Taylor$bBTCP$n80019482
938 $aIngram$bINGR$n9780121819705
938 $aYBP Library Services$bYANK$n3949881
029 1 $aAU@$b000001771036
029 1 $aGEBAY$b21044
029 1 $aNLGGC$b810743051
029 1 $aNLM$b8006495
029 1 $aNZ1$b4978456
994 $aZ0$bP4A
948 $hNO HOLDINGS IN P4A - 331 OTHER HOLDINGS